Click the Missing Accent Marks on French Words - Statistics

General Stats
  • This quiz has been taken 59 times
  • The average score is 15 of 20
Answer Stats
Hint Answer % Correct
prepare L'accent aigu (é)
89%
hotel L'accent circonflexe (ê)
89%
creer L'accent aigu (é)
86%
ecole L'accent aigu (é)
86%
chateau L'accent circonflexe (ê)
86%
francais La cédille (ç)
86%
noel Le tréma (ë)
84%
legume L'accent aigu (é)
80%
ecoute L'accent aigu (é)
80%
ile L'accent circonflexe (ê)
80%
mere L'accent grave (è)
73%
naif Le tréma (ë)
73%
Montreal L'accent aigu (é)
70%
creme L'accent grave (è)
70%
aeroport L'accent aigu (é)
68%
tres L'accent grave (è)
68%
hair Le tréma (ë)
59%
reve L'accent circonflexe (ê)
55%
infuse L'accent aigu (é)
52%
planete L'accent grave (è)
52%
No matching quizzes found
Score Distribution
Percent of People with Each Score
Percentile by Number Answered
Your Score History
You have not taken this quiz